000 00613nam a2200229Ia 4500
003 OSt
005 20221007080802.0
006 a|||||r|||| 00| 0
007 ta
008 221006b |||||||| |||| 00| 0 eng d
024 _a11,404
037 _cTextual
040 _aFLL
_cFLL
_beng
041 _2eng
_aeng
082 _aVIN45:3:N7, M8
100 _aRoberts Adam Ed.
245 0 _aUnited nations divided world
260 _aNew York
_bClarendon press oxford U.S.A.
_c1988
300 _a287p
_ccm.
942 _hVIN45:3:N7, M8
_cTEXL
_2CC
999 _c1160889
_d1160889